000 00234nmm a2200097Ia 4500
008 220120s9999||||xx |||||||||||||||||und||
082 _a00 5.43 LEP
100 _aLepage, Yves Larrea, Poul
_93578
245 0 _aUnix bible
260 _c2000
999 _c138868
_d138868